Relación de las cosas de Yucatán / (Record no. 51386)
[ view plain ]
| 000 -CABECERA | |
|---|---|
| campo de control de longitud fija | 00650nam a2200193 a 4500 |
| 005 - FECHA Y HORA DE LA ÚLTIMA TRANSACCIÓN | |
| campo de control | 20240419063733.0 |
| 008 - ELEMENTOS DE LONGITUD FIJA--INFORMACIÓN GENERAL | |
| campo de control de longitud fija | 991125 19591973mx 000 0 spa u |
| 035 ## - NÚMERO DE CONTROL DEL SISTEMA | |
| Número de control de sistema | UPN01000051386 |
| 049 ## - COLECCIÓN | |
| Colección | CG |
| 050 #4 - SIGNATURA TOPOGRÁFICA DE LA BIBLIOTECA DEL CONGRESO | |
| Número de clasificación | F1219.1 Y8 |
| Número de documento/Ítem | L3.7 |
| 100 1# - ASIENTO PRINCIPAL--NOMBRE PERSONAL | |
| Nombre de persona | Landa, Diego de, |
| Títulos y otros términos asociados al nombre | Fray, |
| Fechas asociadas al nombre | 1524-1579 |
| 245 10 - MENCIÓN DE TÍTULO | |
| Título | Relación de las cosas de Yucatán / |
| Mención de responsabilidad, etc. | por Fray Diego de Landa ; introd. por Angel Ma. Garibay K. |
| 260 ## - PUBLICACIÓN, DISTRIBUCIÓN, ETC. | |
| Lugar de publicación, distribución, etc. | México : |
| Nombre del editor, distribuidor, etc. | Porrúa, |
| Fecha de publicación, distribución, etc. | 1959 (1973 impr.). |
| 300 ## - DESCRIPCIÓN FÍSICA | |
| Extensión | 252 p., [2] h. de láms. : |
| Otras características físicas | il. |
| 440 #0 - MENCIÓN DE SERIE/ASIENTO SECUNDARIO--TÍTULO | |
| Título | Biblioteca Porrúa ; |
| Designación de volumen o secuencia | 13 |
| 651 #4 - ASIENTO SECUNDARIO DE MATERIA - NOMBRE GEOGRAFICO | |
| Nombre geográfico | Yucatán |
| Subdivisión general | Historia |
| 9 (RLIN) | 4508 |
| 651 #4 - ASIENTO SECUNDARIO DE MATERIA - NOMBRE GEOGRAFICO | |
| Nombre geográfico | Yucatán |
| Subdivisión general | Vida social y costumbres |
| 9 (RLIN) | 18602 |
| 905 ## - TIPO DE MATERIAL | |
| Tipo de material | Libro |
| Estado de retiro | Estado de pérdida | Fuente del sistema de clasificación o colocación | Estado dañado | No para préstamo | Código de colección | Localización permanente | Ubicación/localización actual | Ubicación en estantería | Total de préstamos | Clasificación | Código de barras | Fecha visto por última vez | Número de copia | Tipo de ítem Koha |
|---|---|---|---|---|---|---|---|---|---|---|---|---|---|---|
| Library of Congress Classification | Colección General | Bib. Gregorio Torres Quintero | Bib. Gregorio Torres Quintero | Planta baja | 7 | F1219.1 Y8 L3.7 | 14865 | 31/12/2020 | 1 | Libro | ||||
| Library of Congress Classification | Colección General | Bib. Gregorio Torres Quintero | Bib. Gregorio Torres Quintero | Planta baja | F1219.1 Y8 L3.7 | 302949 | 31/12/2020 | 1 | Libro |
